000 01265nab a22002537a 4500
999 _c5633
_d5633
003 OSt
005 20251224095148.0
008 190603e xxum|||| |||| 00| 0 spa d
040 _cPJ
100 _96017
_aAlejandro Sydiaha
245 1 0 _aMil veces la misma piedra. La importancia de la denuncia de venta del automotot /
_cAlejandro Sydiaha.
260 _cCiudad Autónoma de Buenos Aires :
_aThomson Reuters La Ley,
_b2025.
300 _ap. 207-211
500 _aCita Online: TR LALEY AR/DOC/59/2025
505 _aSumario: I. Inicio.— II. La misma piedra.— III. Incomprensión de la norma.— IV. La denuncia de venta. La doctrina de la CS en los fallos "Seoane" y "Camargo".— V. Cierre.
505 _tFallo comentado: SC Buenos Aires ~ 09/08/2024 ~ V., W. O. y otro c. Nadal Renzo, Luján y otro s/ daños y perjuicios.
505 _t¿Te interesa el texto completo? Solicitalo al correo: koha@justierradelfuego.gov.ar
650 0 _92282
_aAUTOMOTORES
650 0 _91467
_aRESPONSABILIDAD CIVIL
650 0 _92823
_aDAÑOS Y PERJUICIOS
650 0 _93889
_aLEGITIMACION PASIVA
773 0 _02713
_93170
_dCiudad Autónoma de Buenos Aires : Thomson Reuters La Ley, 2015-
_tRevista Código Civil y Comercial. Nº 2 - Abril 2025
942 _2udc
_cANA